Language Quiz

Random Language or Letter Quiz

Words Ending in 'ARY' Quiz Stats

 Plays Quiz Updated May 22, 2015

Challenge
Share
Tweet
Embed
Score 0/22 Timer 08:00
9 Plays Today
Hint Word % Correct
A book in which one writes down personal experiences and thoughts each dayDiary
97.8%
A date remembered or celebrated because a special or notable event occurred on that date in a previous yearAnniversary
97%
A room or building where books are keptLibrary
96.7%
The second month of the Gregorian calendarFebruary
96.4%
The amount of money an employee is paid each yearSalary
95.3%
Not permanentTemporary
95%
Absolutely neededNecessary
94%
A notice of a person's death, usually with a short biographical accountObituary
93.9%
A group of Spanish islands off the NW coast of Africa or a small bird formerly used in coal minesCanary
92.9%
The branch of government that includes courts of law and judgesJudiciary
91.5%
Something (such as a river, a fence, or an imaginary line) that shows where one area ends and another area beginsBoundary
91.4%
Hint Word % Correct
Genetically transmitted or transmittable from parent to offspringHereditary
90.4%
A string of beads used by Roman Catholics for counting prayersRosary
90%
Of or relating to the money in a country's economyMonetary
87.1%
A room, especially in a school or college, for the care and treatment of the sickInfirmary
86.8%
Done or given freely; done of one's own free willVoluntary
85.4%
A list that gives definitions of the hard or unusual words found in a bookGlossary
83.2%
First in order of time or development; most importantPrimary
82.9%
A geographic feature where a river flows into the seaEstuary
77.3%
Lacking strength, energy, or freshness because of a need for rest or sleepWeary
73.6%
A situation in which one is confused about what to doQuandary
66.9%
A high-ranking government official subordinate only to the person in charge of their departmentUndersecretary
40.6%

You're not logged in!

Compare scores with friends on all Sporcle quizzes.
OR
Log In

You Might Also Like...

Show Comments

Extras

Top Quizzes Today


Score Distribution

Your Account Isn't Verified!

In order to create a playlist on Sporcle, you need to verify the email address you used during registration. Go to your Sporcle Settings to finish the process.

Report this User

Report this user for behavior that violates our Community Guidelines.

Details: